00312 a2200109 4500020001500000100001700015245003800032260004500070300003500115500002000150650003200170 a155615626X10aKing, Adrian10aInside Windows 95c/ Adrian King.0 aRedmond, WAb: Microsoft Pressc, c1994. axxix, 476 p.b: ill.c; 24 cm. aIncludes index. 0aWindows (Computer programs)